PRŮMYSLOVÉ ZÁVODY

Bibliographic Details
Main Author: Kloub, Václav (Author)
Format: Article
Language:Czech

MARC

LEADER 00000nab a2200000uu 4500
001 vtls011465243
003 SK-MaSNL
005 20260303154642.0
008 230222|1965 xo |||||||||||||||||cze|
015 |a SNBRB 
035 |a (urnnbn)urn:nbn:sk:snk:ar-a0aws2 
035 |a (uuid)997a02a7-3b50-410e-9fc9-d8820347e143 
035 |a urn:nbn:sk:snk-abcy1u 
040 |a SNKBUCL  |b slo  |c SNKBUCL  |e AACR2 
041 0 |a cze 
044 |a xo  |c SK 
100 1 |a Kloub, Václav  |4 aut  |9 1177541 
245 1 0 |a PRŮMYSLOVÉ ZÁVODY  |c Václav Kloub 
773 0 |t Technická práca : časopis Ústřední rady Čs. vědecko-technické společnosti  |g Roč. 17, č. 2 (1965), s. 118-120 
958 |a OND 
958 |a EUIPO 
958 |a article16 
999 |c 2035596  |d 2037526